[Event "Abu Dhabi op 25th"]
[Site "Abu Dhabi"]
[Date "2018.08.13"]
[Round "7"]
[White "Vocaturo, Daniele"]
[Black "Cheparinov, Ivan"]
[Result "0-1"]
[WhiteElo "2617"]
[BlackElo "2718"]
[PlyCount "102"]
[EventDate "2018.08.07"]
[EventType "swiss"]
[EventRounds "9"]
[EventCountry "UAE"]
[SourceTitle "CBM 185 Extra"]
[Source "ChessBase"]
[SourceDate "2018.07.29"]
[SourceVersion "1"]
[SourceVersionDate "2018.07.29"]
[SourceQuality "1"]

1. d4 Nf6 2. c4 g6 3. Nc3 d5 4. cxd5 Nxd5 5. Nf3 Bg7 6. e4 Nxc3 7. bxc3 c5 8.
Be3 Qa5 9. Nd2 Nd7 10. Nb3 Qc7 11. Bb5 O-O 12. O-O Nf6 13. f3 a6 14. Be2 c4 15.
Nd2 b5 16. f4 Qa5 17. Qc2 Ng4 18. Bxg4 Bxg4 19. Rae1 Bd7 20. f5 Rfc8 21. Qb2 b4
22. Qxb4 Qxb4 23. cxb4 gxf5 24. exf5 a5 25. a3 axb4 26. axb4 Ra3 27. d5 c3 28.
Ne4 c2 29. Bc1 Bd4+ 30. Kh1 Rd3 31. f6 exf6 32. Nxf6+ Bxf6 33. Rxf6 Re8 34.
Rxe8+ Bxe8 35. Rf1 Rd1 36. Rg1 Rxd5 37. h3 Rd1 38. g4 Bc6+ 39. Kh2 Kf8 40. h4
Ke7 41. g5 Ke6 42. h5 Kf5 43. g6 fxg6 44. hxg6 hxg6 45. Rg5+ Ke4 46. Rg1 Rxg1
47. Kxg1 Kd3 48. Kf2 Kc3 49. Ke3 Kxb4 50. Kd4 Kb3 51. Kd3 Bd7 0-1

[Event "ESP-chT CECLUB Honor"]
[Site "Linares"]
[Date "2019.10.04"]
[Round "5.3"]
[White "Cheparinov, Ivan"]
[Black "Bacrot, Etienne"]
[Result "1-0"]
[WhiteElo "2670"]
[BlackElo "2671"]
[PlyCount "61"]
[EventDate "2019.09.30"]
[EventType "team-tourn"]
[EventRounds "7"]
[EventCountry "ESP"]
[SourceTitle "EXT 2020"]
[Source "ChessBase"]
[SourceDate "2019.10.17"]
[SourceVersion "1"]
[SourceVersionDate "2019.10.17"]
[SourceQuality "1"]
[WhiteTeam "Extremadura Magic"]
[BlackTeam "Taldea Gros Xake"]
[WhiteTeamCountry "ESP"]
[BlackTeamCountry "ESP"]

1. d4 d5 2. Nf3 Nf6 3. c4 e6 4. Nc3 Be7 5. Bf4 O-O 6. e3 Nbd7 7. Be2 dxc4 8.
O-O a6 9. a4 c5 10. d5 exd5 11. Nxd5 Nxd5 12. Qxd5 Nf6 13. Qxd8 Rxd8 14. Bc7
Rd7 15. Ba5 Rd6 16. Ne5 b6 17. Bc3 Bb7 18. Nxc4 Re6 19. Rfd1 Ne4 20. Be1 Nf6
21. Bc3 Ne4 22. Be5 b5 23. Bg4 Rg6 24. Rd7 Rxg4 25. Rxb7 bxc4 26. Rxe7 Kf8 27.
Rb7 Rg5 28. f4 Rg6 29. Rd1 Re8 30. Rdd7 f6 31. f5 1-0

[Event "ESP-chT CECLUB Honor"]
[Site "Linares"]
[Date "2020.09.25"]
[Round "3.1"]
[White "Korobov, Anton"]
[Black "Cheparinov, Ivan"]
[Result "0-1"]
[WhiteElo "2688"]
[BlackElo "2686"]
[PlyCount "106"]
[EventDate "2020.09.23"]
[EventType "team-tourn"]
[EventRounds "7"]
[EventCountry "ESP"]
[SourceTitle "EXT 2021"]
[Source "ChessBase"]
[SourceDate "2020.10.23"]
[SourceVersion "1"]
[SourceVersionDate "2020.10.23"]
[SourceQuality "1"]
[WhiteTeam "Silla Bosh Serinsys"]
[BlackTeam "Extremadura Magic"]
[WhiteTeamCountry "ESP"]
[BlackTeamCountry "ESP"]

1. d4 Nf6 2. Nf3 g6 3. c4 Bg7 4. Nc3 d5 5. cxd5 Nxd5 6. e4 Nxc3 7. bxc3 c5 8.
Be3 Bg4 9. Rc1 O-O 10. d5 Qa5 11. Qd2 b5 12. Be2 Nd7 13. O-O Bxf3 14. Bxf3 c4
15. Bg4 Nf6 16. Bf3 Nd7 17. Be2 Qa3 18. f4 Rad8 19. Rfd1 Nc5 20. e5 Nd3 21.
Bxd3 Rxd5 22. Qc2 cxd3 23. Rxd3 Rxd3 24. Qxd3 a6 25. Qd5 Rc8 26. e6 Qd6 27.
exf7+ Kf8 28. Qxd6 exd6 29. Bd2 Kxf7 30. Kf2 Rc4 31. Ke2 h5 32. Kd3 Ra4 33. Rc2
Ke6 34. g3 d5 35. Be3 Kf5 36. Bc1 Rc4 37. h3 d4 38. g4+ hxg4 39. hxg4+ Kxg4 40.
Rg2+ Kf5 41. Rg5+ Kf6 42. Bd2 Kf7 43. cxd4 Rxd4+ 44. Kc2 Bh6 45. Rg4 g5 46.
fxg5 Rxg4 47. gxh6 Rh4 48. Kb3 Ke6 49. Bg5 Rh5 50. Bc1 a5 51. Bd2 Rh3+ 52. Kc2
b4 53. h7 Kd5 0-1

[Event "ESP-chT CECLUB Honor"]
[Site "Linares"]
[Date "2020.09.26"]
[Round "4.1"]
[White "Cheparinov, Ivan"]
[Black "Bacrot, Etienne"]
[Result "1-0"]
[WhiteElo "2686"]
[BlackElo "2673"]
[PlyCount "45"]
[EventDate "2020.09.23"]
[EventType "team-tourn"]
[EventRounds "7"]
[EventCountry "ESP"]
[SourceTitle "EXT 2021"]
[Source "ChessBase"]
[SourceDate "2020.10.23"]
[SourceVersion "1"]
[SourceVersionDate "2020.10.23"]
[SourceQuality "1"]
[WhiteTeam "Extremadura Magic"]
[BlackTeam "Taldea Gros Xake"]
[WhiteTeamCountry "ESP"]
[BlackTeamCountry "ESP"]

1. Nf3 d5 2. e3 Nf6 3. c4 e6 4. Nc3 c6 5. d4 Nbd7 6. Qc2 Bd6 7. Be2 O-O 8. O-O
dxc4 9. Bxc4 b5 10. Bd3 Bb7 11. e4 e5 12. h3 Re8 13. dxe5 Nxe5 14. Nxe5 Bxe5
15. Be3 Qc7 16. Rae1 Bxc3 17. Qxc3 Nxe4 18. Qc2 Qe5 19. Bd2 f5 20. f3 Rad8 21.
fxe4 Qd4+ 22. Re3 fxe4 23. Bxe4 1-0